000 00707nmm a2200277 a 4500
003 AR-BaBNM
005 20251128203744.0
008 226119s1993 ||||||||||||||000 | spa||
020 _a950-547-000-2
040 _cAR-BaBNM
100 1 _aBradbury, Ray
_d1920-
245 1 0 _aCrónicas marcianas
250 _a32ª ed.
260 _aBuenos Aires
_bMinotauro
_c1993
300 0 _a243 p.
650 4 _aLITERATURA ESTADOUNIDENSE
650 4 _aCIENCIA FICCION
650 4 _aLITERATURA EXTRANJERA
650 4 _aESCRITORES
653 0 _aNARRATIVA
655 _aLITERATURA
700 1 _aAbelenda, Francisco
_etraductor
700 1 _aBorges, Jorge Luis
_eprologuista
942 _cBK
998 _cMARTIN
999 _c4805
_d4805